Avanços e impasses do MST e da luta pela terra no Brasil nos anos recentes /

Gardado en:
Detalles Bibliográficos
Autor Principal: Coletti, Claudinei
Formato: Texto
Materias:
Etiquetas: Engadir etiqueta
Sen Etiquetas, Sexa o primeiro en etiquetar este rexistro!

MARC

LEADER 00000 a a2200000 04500
001 40545
003
040
100 |a Coletti, Claudinei  
245 |a Avanços e impasses do MST e da luta pela terra no Brasil nos anos recentes /  |c Claudinei Coletti  
650 |a PERSONAS SIN TIERRA  
650 |a TENENCIA DE TIERRA  
650 |a MOVIMIENTOS CAMPESINOS  
650 |a MOVIMIENTOS SOCIALES  
650 |a ORGANIZACIONES CAMPESINAS  
650 |a BRASIL  
773 |g páginas 73-84  
999 |c 23898  |d 23898